000 01112nam0a22002531 4500
001 rc\1084721
005 20041126173714.1
035 _a(NLR Aleph) 006332594
090 _a7560889
_c7560889
100 _a20041126d1983 u |0rusy50 ca
101 0 _arus
102 _aRU
105 _aa |||||||||
200 1 _aИсследование силовых установок и шасси транспортных и тяговых машин
_eТемат. сб. науч. тр.
_fЧеляб. политехн. ин-т им. Ленинского комсомола
_g[Редкол.: Куликов Н.К. (отв. ред.) и др.]
210 _aЧелябинск
_cЧПИ
_d1983
215 _a146 с.
_cил.
_d20
320 _aБиблиогр. в конце ст.
702 1 _aКуликов
_bН. К.
_gНиколай Константинович
_4340
712 0 2 _aЧелябинский политехнический ин-т им. Ленинского комсомола
_3RU\NLR\AUTH\8812484
801 0 _aRU
_bNLR
_gpsbo
801 1 _aRU
_bELAR
_2rusmarc
852 _aNLR
_j84-3/7122
942 _cBOOK
980 _aNB